| 000 | 00533nam a2200181Ia 4500 | ||
|---|---|---|---|
| 003 | GCL | ||
| 008 | 140319s9999 xx 000 0 eng d | ||
| 040 |
_aGCL / _cGCL |
||
| 082 | 0 | 4 |
_a658.46 _bK R |
| 100 | 1 | _aKANTER, ROSABETH | |
| 245 | 1 | 0 |
_aTHE CHALLANGE OF ORGANIZATIONAL CHANGES HOW COMPANIES EXPERIENCE IT AND HEADERS GUIDE IT / _cKANTER, ROSABETH |
| 700 | 1 | _aSTEIN, BARRY A. | |
| 700 | 1 | _aJACK, TODD | |
| 260 |
_a[S.N] : _bTHE FREE PRESS ، _c1992 |
||
| 300 | _a535 P | ||
| 650 | 0 | 4 | _aORGANIZATIONAL CHANGE |
| 942 |
_2ddc _cBK |
||
| 999 |
_c18728 _d18728 |
||